[Event "9. Lichtenberger Sommer 2010"]
[Site "Berlin"]
[Date "2010.08.11"]
[Round "5.43"]
[White "Keusch, Horst"]
[Black "Wasem, Ralph"]
[Result "0-1"]
[WhiteElo "1953"]
[BlackElo "2106"]
[PlyCount "41"]
[EventDate "2010.??.??"]
[WhiteTeam "SC Friesen Lichtenberg e.V."]
[BlackTeam "SK Landau"]

1. f4 d5 2. Nf3 Nf6 3. e3 e6 4. b3 Be7 5. Bb2 c5 6. Be2 O-O 7. O-O Ne4 8. d3
Nd6 9. Kh1 Nf5 10. Qd2 d4 11. exd4 cxd4 12. Na3 Nc6 13. Nc4 f6 14. a4 Bb4 15.
Qc1 Qd5 16. Ng1 Qc5 17. Bf3 Bd7 18. Ne2 Nh4 19. Bg4 Qd5 20. Rf2 h5 21. Bxh5 0-1

[Event "9. Lichtenberger Sommer 2010"]
[Site "Berlin"]
[Date "2010.08.11"]
[Round "5.44"]
[White "Poseck, Steffen"]
[Black "Hantusch, Ralf"]
[Result "1/2-1/2"]
[WhiteElo "2064"]
[BlackElo "1867"]
[PlyCount "137"]
[EventDate "2010.??.??"]
[WhiteTeam "BSV 63 Chemie Weißensee"]
[BlackTeam "SV Bau-Union e.V."]

1. c4 e6 2. d4 d5 3. Nc3 Nf6 4. Bg5 c6 5. cxd5 exd5 6. e3 Be7 7. Bd3 O-O 8. Qc2
Nbd7 9. Nge2 Re8 10. O-O Nf8 11. f3 Ng6 12. Rae1 Be6 13. Ng3 Rc8 14. Nf5 Bf8
15. Ng3 h6 16. Bxf6 Qxf6 17. Bxg6 fxg6 18. f4 Bf5 19. Nxf5 gxf5 20. Qb3 Qf7 21.
Rf3 Bd6 22. Ref1 Re6 23. Nd1 Rce8 24. Nf2 R8e7 25. g4 Rg6 26. Rg3 fxg4 27. Nxg4
Qf5 28. Ne5 Rxg3+ 29. hxg3 Qe4 30. Kf2 Kh7 31. Qd3 Qxd3 32. Nxd3 g5 33. Ne5 c5
34. Rc1 gxf4 35. gxf4 c4 36. Rh1 Rg7 37. Rh5 Bf8 38. Nf3 Rd7 39. Ne5 Rg7 40.
Nf3 Rd7 41. Rf5 Kg8 42. Ne5 Rd6 43. Kf3 b5 44. a3 a5 45. Rf7 Rb6 46. Ra7 b4 47.
Rxa5 b3 48. Rxd5 c3 49. Nd3 c2 50. Ra5 Be7 51. Nc1 Bh4 52. Rc5 Be7 53. Rc3 Bxa3
54. Rxb3 Rxb3 55. Nxb3 Bxb2 56. d5 Kf7 57. e4 c1=Q 58. Nxc1 Bxc1 59. e5 h5 60.
d6 h4 61. f5 h3 62. e6+ Ke8 63. f6 h2 64. Kg2 Bf4 65. d7+ Kd8 66. Kh1 Be5 67.
f7 Bd6 68. Kg2 Kc7 69. Kh1 1/2-1/2

[Event "9. Lichtenberger Sommer 2010"]
[Site "Berlin"]
[Date "2010.08.11"]
[Round "5.45"]
[White "Strehlow, Horst"]
[Black "Schulz, Toni"]
[Result "0-1"]
[WhiteElo "2101"]
[BlackElo "1857"]
[PlyCount "80"]
[EventDate "2010.??.??"]
[WhiteTeam "SC Friesen Lichtenberg e.V."]
[BlackTeam "ESV Lok Raw Cottbus e.V."]

1. e4 d5 2. exd5 Qxd5 3. Nc3 Qa5 4. d4 Nf6 5. Bc4 c6 6. Qe2 Bf5 7. Nf3 e6 8.
Bd2 Bb4 9. a3 O-O 10. O-O Bxc3 11. Bxc3 Qc7 12. Ne5 Nbd7 13. Rac1 Rfd8 14. Bb3
Be4 15. Nxd7 Rxd7 16. d5 cxd5 17. Bxf6 gxf6 18. c4 Qd8 19. Rc3 d4 20. Rg3+ Bg6
21. h4 Kf8 22. h5 Bf5 23. Rd1 Qa5 24. Bc2 Bxc2 25. Qxc2 Qxh5 26. Rh3 Qg6 27.
Qa4 Rad8 28. Qxa7 Qc2 29. Qc5+ Ke8 30. Rdd3 Qc1+ 31. Kh2 Qf4+ 32. Rhg3 Qd6 33.
Qh5 e5 34. Qxh7 Ke7 35. Rg7 Qe6 36. g4 e4 37. Rd1 e3 38. fxe3 dxe3 39. Re1 Rd2+
40. Kh1 Qc6+ 0-1

[Event "9. Lichtenberger Sommer 2010"]
[Site "Berlin"]
[Date "2010.08.11"]
[Round "5.46"]
[White "Müller, Peter"]
[Black "Junge, Wolfgang"]
[Result "1-0"]
[WhiteElo "2013"]
[BlackElo "1745"]
[PlyCount "49"]
[EventDate "2010.??.??"]
[WhiteTeam "SV Berolina Mitte e.V."]
[BlackTeam "SC Friesen Lichtenberg e.V."]

1. e4 e5 2. Nf3 Nf6 3. Nxe5 d6 4. Nf3 Nxe4 5. Nc3 Nxc3 6. dxc3 Be7 7. Be3 Nc6
8. Qd2 O-O 9. O-O-O Bf6 10. h3 Be6 11. g4 Ne5 12. Nd4 Nc4 13. Bxc4 Bxc4 14. g5
Bxd4 15. Qxd4 Be6 16. h4 Qd7 17. h5 Rfe8 18. h6 f5 19. hxg7 Qxg7 20. Qf4 Kf7
21. Bd4 Qg8 22. Bf6 Rf8 23. Rde1 Ke8 24. Qxf5 Kd7 25. Rxh7+ 1-0

[Event "9. Lichtenberger Sommer 2010"]
[Site "Berlin"]
[Date "2010.08.11"]
[Round "5.47"]
[White "Lang, Martin"]
[Black "Solhdjou, Mohammed"]
[Result "0-1"]
[WhiteElo "1945"]
[BlackElo "1961"]
[PlyCount "82"]
[EventDate "2010.??.??"]
[WhiteTeam "SC Zugzwang 95 e.V."]
[BlackTeam "vereinslos"]

1. e4 e5 2. Nf3 Nc6 3. Bb5 a6 4. Ba4 Nf6 5. O-O Be7 6. Re1 b5 7. Bb3 O-O 8. c3
d6 9. h3 Nb8 10. d4 Nbd7 11. Nbd2 Bb7 12. Bc2 Re8 13. Nf1 Bf8 14. Ng3 g6 15.
Bg5 h6 16. Bd2 Bg7 17. Rc1 Nf8 18. Bb1 N6d7 19. Be3 Ne6 20. Qd2 Kh7 21. Nh2 Qh4
22. Nf5 gxf5 23. exf5 Kh8 24. fxe6 fxe6 25. Ng4 Rg8 26. Qc2 Nf8 27. f3 h5 28.
Bf2 Qe7 29. Nh2 Bh6 30. Be3 Bxe3+ 31. Rxe3 exd4 32. cxd4 Rg7 33. Qe2 Qh4 34.
Kh1 Qxd4 35. Nf1 Re8 36. Rd3 Qf4 37. Nd2 e5 38. Rf1 Ne6 39. Ne4 Rf8 40. g3 Qf5
41. Qh2 Bxe4 0-1

[Event "9. Lichtenberger Sommer 2010"]
[Site "Berlin"]
[Date "2010.08.11"]
[Round "5.48"]
[White "Körner, Helmut"]
[Black "Jaeger, Andre"]
[Result "0-1"]
[WhiteElo "1965"]
[BlackElo "2051"]
[PlyCount "42"]
[EventDate "2010.??.??"]
[WhiteTeam "Sfr.Nord-Ost Berlin"]
[BlackTeam "SC Rochade e.V."]

1. e4 c5 2. Nc3 e6 3. g3 d5 4. exd5 exd5 5. d4 cxd4 6. Qxd4 Nf6 7. Bg5 Be7 8.
Bg2 Nc6 9. Qa4 O-O 10. O-O-O Qb6 11. Nh3 Be6 12. Rhe1 d4 13. Bxf6 Bxf6 14. Nd5
Bxd5 15. Bxd5 Nb4 16. Be4 Rac8 17. Qb3 Rfe8 18. Kb1 Qa5 19. Bxb7 Rxe1 20. Rxe1
Rb8 21. Be4 Nc6 0-1

[Event "9. Lichtenberger Sommer 2010"]
[Site "Berlin"]
[Date "2010.08.11"]
[Round "5.50"]
[White "Mai, Andreas"]
[Black "Casny, Guenter"]
[Result "1/2-1/2"]
[WhiteElo "1949"]
[BlackElo "1889"]
[PlyCount "70"]
[EventDate "2010.??.??"]
[WhiteTeam "SC Friesen Lichtenberg e.V."]
[BlackTeam "SC Rochade e.V."]

1. e4 e6 2. d4 d5 3. e5 c5 4. c3 Nc6 5. f4 Qb6 6. Nf3 cxd4 7. cxd4 Nh6 8. Nc3
a6 9. Na4 Bb4+ 10. Bd2 Bxd2+ 11. Qxd2 Qb4 12. Nc3 Nf5 13. a3 Qa5 14. Be2 O-O
15. O-O b5 16. g4 Nfe7 17. Bd3 g6 18. Qf2 f5 19. g5 Bd7 20. h4 Be8 21. Rfb1 Qb6
22. Ne2 Bf7 23. Kg2 Rfc8 24. Ng3 Rc7 25. Rh1 Kg7 26. h5 Rg8 27. hxg6 Bxg6 28.
Nh5+ Kf7 29. Nf6 Rh8 30. Rae1 Qa7 31. Rh3 Ng8 32. Qe3 Kg7 33. Reh1 Kf8 34. Nh4
Nce7 35. Rc1 Kf7 1/2-1/2

[Event "9. Lichtenberger Sommer 2010"]
[Site "Berlin"]
[Date "2010.08.11"]
[Round "5.51"]
[White "Perestjuk, Marko"]
[Black "Barwich, Andreas"]
[Result "1-0"]
[WhiteElo "1918"]
[BlackElo "1905"]
[PlyCount "121"]
[EventDate "2010.??.??"]
[WhiteTeam "SC Zitadelle Spandau 1977 e.V."]
[BlackTeam "SV Berolina Mitte e.V."]

1. e4 c5 2. Nf3 Nc6 3. d4 cxd4 4. Nxd4 Nf6 5. Nc3 e5 6. Ndb5 d6 7. Bg5 a6 8.
Na3 Be7 9. Nc4 Be6 10. Bxf6 gxf6 11. Ne3 Qa5 12. Qd2 Nd4 13. Ncd5 Qxd2+ 14.
Kxd2 Rc8 15. c3 Nc6 16. Be2 Bd8 17. g3 Bxd5 18. Nxd5 O-O 19. Rhd1 Kg7 20. Bg4
Rb8 21. Ke2 Ne7 22. Ne3 Bc7 23. Rd2 Rfd8 24. Rad1 b5 25. b3 Rb6 26. Nd5 Nxd5
27. Rxd5 Rc6 28. R5d3 Kf8 29. a3 Ke7 30. f4 Rb8 31. Rf1 a5 32. fxe5 fxe5 33. b4
f6 34. Rdf3 Rf8 35. Kd3 axb4 36. axb4 Ra6 37. Rf5 Bb6 38. Rh5 Ra3 39. Rxh7+ Rf7
40. Rxf7+ Kxf7 41. Bd7 Ra2 42. Rh1 Ke7 43. Bxb5 d5 44. exd5 f5 45. Kc4 Kd6 46.
Kb3 Rf2 47. c4 Bd4 48. Bc6 Rb2+ 49. Ka3 Rf2 50. c5+ Kc7 51. Bb5 e4 52. d6+ Kb7
53. Rf1 e3 54. Rxf2 exf2 55. Kb3 Be5 56. Bf1 Kc6 57. Kc4 Kd7 58. Kd5 Bc3 59.
c6+ Kc8 60. Ba6+ Kb8 61. c7+ 1-0

[Event "9. Lichtenberger Sommer 2010"]
[Site "Berlin"]
[Date "2010.08.11"]
[Round "5.52"]
[White "Schilke, Michael"]
[Black "Roth, Joachim"]
[Result "1-0"]
[WhiteElo "1954"]
[BlackElo "1895"]
[PlyCount "91"]
[EventDate "2010.??.??"]
[WhiteTeam "SV Berolina Mitte e.V."]
[BlackTeam "SG Bund"]

1. d4 d5 2. c4 e6 3. g3 c6 4. Bg2 f5 5. Nh3 Nf6 6. O-O Bd6 7. Bf4 O-O 8. Qc2
Qe7 9. Nc3 Na6 10. Bxd6 Qxd6 11. b3 dxc4 12. Rfd1 Nb4 13. Qb2 cxb3 14. Qxb3
Nbd5 15. Rab1 b5 16. Ng5 a5 17. Nxd5 exd5 18. Rdc1 Bd7 19. e3 h6 20. Nf3 Ne4
21. Rc2 b4 22. Ne5 Nc3 23. Rxc3 bxc3 24. Qxc3 Rfc8 25. Rc1 Be8 26. Bf3 a4 27.
Qd3 Qf6 28. Rc5 Kh8 29. Qc2 Qe6 30. a3 g6 31. Nd3 Kg7 32. Nb4 Qd6 33. Nxd5 cxd5
34. Rxc8 Rxc8 35. Qxc8 Bf7 36. Qc5 Qxc5 37. dxc5 Kf6 38. Kf1 Ke5 39. Ke2 Be8
40. Kd3 g5 41. Kc3 Bc6 42. h4 f4 43. gxf4+ gxf4 44. Kb4 fxe3 45. fxe3 Bd7 46.
Ka5 1-0

[Event "9. Lichtenberger Sommer 2010"]
[Site "Berlin"]
[Date "2010.08.11"]
[Round "5.53"]
[White "Sivakumaran, Ramesh"]
[Black "Strobel, Norbert"]
[Result "0-1"]
[WhiteElo "1719"]
[BlackElo "1986"]
[PlyCount "54"]
[EventDate "2010.??.??"]
[WhiteTeam "SV Empor Berlin e.V."]
[BlackTeam "SK Zirndorf e.V."]

1. e4 g6 2. d4 Bg7 3. c4 d6 4. Nc3 Nf6 5. f3 O-O 6. Be3 Nbd7 7. Qd2 Re8 8. Bd3
c5 9. d5 a6 10. Nge2 Rb8 11. Bh6 Bh8 12. g4 Ne5 13. Qe3 Bxg4 14. fxg4 Nfxg4 15.
Qg3 Nxh6 16. Kd2 Nhg4 17. Raf1 Bg7 18. Nf4 b5 19. Be2 Nf6 20. cxb5 axb5 21. h4
b4 22. Ke3 bxc3 23. b3 c4 24. Bxc4 Qb6+ 25. Ke2 Nxc4 26. bxc4 Qd4 27. Rb1 Qxc4+
0-1

[Event "9. Lichtenberger Sommer 2010"]
[Site "Berlin"]
[Date "2010.08.11"]
[Round "5.54"]
[White "Ewald, Patrick"]
[Black "Popp, Maximilian"]
[Result "1-0"]
[WhiteElo "1890"]
[BlackElo "1705"]
[PlyCount "37"]
[EventDate "2010.??.??"]
[WhiteTeam "vereinslos"]
[BlackTeam "Spvgg 1946 e.V. Stetten"]

1. e4 e6 2. d3 c5 3. Nf3 a6 4. Nbd2 b5 5. a4 Bb7 6. Be2 d5 7. c3 Be7 8. O-O h5
9. Ne5 Qc7 10. d4 c4 11. exd5 Bxd5 12. Bf3 Qb7 13. Bxd5 Qxd5 14. Qf3 Qxf3 15.
Nexf3 bxa4 16. Nxc4 Nc6 17. Rxa4 Nf6 18. Bg5 Bd8 19. Rfa1 1-0

[Event "9. Lichtenberger Sommer 2010"]
[Site "Berlin"]
[Date "2010.08.11"]
[Round "5.55"]
[White "Herrmann, Eberhard"]
[Black "Krebs, Alexander"]
[Result "1-0"]
[WhiteElo "1818"]
[BlackElo "1884"]
[PlyCount "39"]
[EventDate "2010.??.??"]
[WhiteTeam "SC Friesen Lichtenberg e.V."]
[BlackTeam "Ueberstorf"]

1. e4 d6 2. Nf3 Nf6 3. Nc3 e5 4. d4 exd4 5. Nxd4 Be7 6. Bd3 Nbd7 7. Nf5 O-O 8.
Bg5 g6 9. Nxe7+ Qxe7 10. Nd5 Qe5 11. f4 Qxb2 12. Rb1 Qxa2 13. Nxf6+ Nxf6 14.
Bxf6 Qe6 15. e5 dxe5 16. fxe5 h5 17. Qd2 Re8 18. O-O Kh7 19. Rb4 Qd5 20. Bxg6+
1-0

[Event "9. Lichtenberger Sommer 2010"]
[Site "Berlin"]
[Date "2010.08.11"]
[Round "5.56"]
[White "Kornath, Heinrich"]
[Black "Lachmann, Daniel"]
[Result "0-1"]
[WhiteElo "1976"]
[BlackElo "1756"]
[PlyCount "74"]
[EventDate "2010.??.??"]
[WhiteTeam "SC Friesen Lichtenberg e.V."]
[BlackTeam "SV Empor Berlin e.V."]

1. e4 c5 2. Nf3 d6 3. d4 cxd4 4. Qxd4 Nc6 5. Bb5 Bd7 6. Bxc6 Bxc6 7. c4 Nf6 8.
Nc3 g6 9. O-O Bg7 10. Re1 O-O 11. Qd3 Rc8 12. Rb1 Qc7 13. b3 Rfd8 14. Bb2 e6
15. Nd4 d5 16. e5 dxc4 17. Qxc4 Nd5 18. Ndb5 Bxb5 19. Qxc7 Nxc7 20. Ne4 Ne8 21.
Rbc1 Rxc1 22. Rxc1 Bc6 23. Nf6+ Bxf6 24. exf6 Rd5 25. h3 h5 26. Bc3 Rg5 27. g3
Rf5 28. Bd4 Nxf6 29. a4 a6 30. b4 e5 31. Ba1 Kf8 32. Rc4 Nd7 33. a5 f6 34. Bb2
Rf3 35. Bc3 Rd3 36. Kf1 Ke7 37. Ke2 Rd6 0-1

[Event "9. Lichtenberger Sommer 2010"]
[Site "Berlin"]
[Date "2010.08.11"]
[Round "5.57"]
[White "Merz, Rüdiger"]
[Black "Schlittermann, Wolfgang"]
[Result "0-1"]
[WhiteElo "1920"]
[BlackElo "1683"]
[PlyCount "144"]
[EventDate "2010.??.??"]
[WhiteTeam "SK Zehlendorf e.V."]
[BlackTeam "SK Gilette"]

1. e4 c5 2. Nf3 e6 3. d4 cxd4 4. Nxd4 Nc6 5. c4 Nf6 6. Nc3 Bb4 7. f3 h6 8. Be3
O-O 9. Qd2 Qa5 10. Be2 d5 11. Nxc6 bxc6 12. e5 Nd7 13. f4 f6 14. cxd5 cxd5 15.
O-O fxe5 16. fxe5 Rxf1+ 17. Rxf1 Nxe5 18. Bxh6 gxh6 19. Qxh6 Qc7 20. Nxd5 exd5
21. Qg5+ Qg7 22. Qd8+ Kh7 23. Qh4+ Qh6 24. Qxb4 Qb6+ 25. Qxb6 axb6 26. a3 Kg7
27. Rc1 Be6 28. Rc7+ Kf6 29. Rb7 Rc8 30. Rxb6 Rc1+ 31. Kf2 Rc2 32. Ke1 Rc1+ 33.
Kf2 Rc2 34. Ke1 Rc1+ 35. Kd2 Rg1 36. Kc3 Rxg2 37. Ba6 Nd7 38. Rb4 Rxh2 39. Rd4
Nc5 40. Bb5 Ke5 41. Rd1 Ne4+ 42. Kb4 Rxb2+ 43. Ka5 Nc3 44. Re1+ Kd6 45. Be8 Rb8
46. Bg6 Rb5+ 47. Ka6 Bc8+ 48. Ka7 Ra5+ 49. Kb8 Bd7 50. Be8 Rxa3 51. Kb7 Rb3+
52. Ka6 Na4 53. Bxd7 Nc5+ 54. Ka5 Nxd7 55. Rh1 Ne5 56. Ka4 Rb8 57. Ka3 Kc5 58.
Rh7 Nc4+ 59. Ka2 Nd6 60. Rh6 d4 61. Rh7 Kc4 62. Rc7+ Kd3 63. Rh7 Nc4 64. Rh3+
Kc2 65. Rh2+ Nd2 66. Ka3 Kc3 67. Rh3+ d3 68. Ka4 Ne4 69. Rh4 d2 70. Rxe4 d1=Q+
71. Ka5 Qd5+ 72. Ka4 Ra8# 0-1

[Event "9. Lichtenberger Sommer 2010"]
[Site "Berlin"]
[Date "2010.08.11"]
[Round "5.58"]
[White "Grillich, Alexander"]
[Black "Mohr, Horst"]
[Result "0-1"]
[WhiteElo "1994"]
[BlackElo "1798"]
[PlyCount "62"]
[EventDate "2010.??.??"]
[WhiteTeam "SC Rochade e.V."]
[BlackTeam "SC Caissa Falkensee e.V."]

1. d4 c6 2. Nf3 Nf6 3. c4 d5 4. Nc3 e6 5. e3 Nbd7 6. Qc2 Be7 7. Bd3 dxc4 8.
Bxc4 c5 9. O-O O-O 10. Rd1 cxd4 11. Nxd4 e5 12. Nf5 Bc5 13. a3 g6 14. b4 gxf5
15. bxc5 Qe7 16. Nd5 Nxd5 17. Rxd5 Nf6 18. Rd1 Bd7 19. Bb2 Rac8 20. a4 Qxc5 21.
Rxd7 Nxd7 22. Qxf5 Qxc4 23. Qxd7 Rfd8 24. Qb5 Qxb5 25. axb5 Rd5 26. f4 exf4 27.
Bd4 fxe3 28. Bxe3 Rxb5 29. Rxa7 Rb2 30. h4 Rc4 31. g3 Kg7 0-1

[Event "9. Lichtenberger Sommer 2010"]
[Site "Berlin"]
[Date "2010.08.11"]
[Round "5.59"]
[White "Lange, Rudolf"]
[Black "Neumaier, Hubert"]
[Result "0-1"]
[WhiteElo "1790"]
[BlackElo "1858"]
[PlyCount "58"]
[EventDate "2010.??.??"]
[WhiteTeam "SG Narva Berlin e.V."]
[BlackTeam "vereinslos"]

1. e4 d6 2. d4 Nf6 3. Nc3 c6 4. Nf3 Bg4 5. h3 Bh5 6. Bd3 Nbd7 7. O-O e5 8. Be3
Be7 9. Be2 O-O 10. Qd2 Qc7 11. Rfd1 b5 12. a3 Rfd8 13. Ne1 Bg6 14. f3 a6 15. d5
Nb6 16. dxc6 Qxc6 17. Nd5 Nbxd5 18. exd5 Qb7 19. Bd3 Rac8 20. Bxg6 hxg6 21. c3
Nd7 22. Nc2 a5 23. Qf2 Rf8 24. Rd2 Bd8 25. Qe2 Bb6 26. Rad1 f5 27. Kf1 Bxe3 28.
Nxe3 Nf6 29. Qf2 Ne4 0-1

[Event "9. Lichtenberger Sommer 2010"]
[Site "Berlin"]
[Date "2010.08.11"]
[Round "5.60"]
[White "Walter, Günter"]
[Black "Schild, Reinhard"]
[Result "1-0"]
[WhiteElo "2017"]
[BlackElo "1696"]
[PlyCount "49"]
[EventDate "2010.??.??"]
[WhiteTeam "TSG Oberschöneweide e.V."]
[BlackTeam "SG Weißensee 49 e.V."]

1. e4 c6 2. d4 d5 3. exd5 cxd5 4. c4 Nf6 5. Nc3 e6 6. Nf3 Be7 7. Bg5 h6 8. Be3
O-O 9. c5 a6 10. Bd3 Nc6 11. O-O Qc7 12. Qd2 e5 13. dxe5 Nxe5 14. Nxe5 Qxe5 15.
Bd4 Qc7 16. Bxf6 Bxf6 17. Nxd5 Qc6 18. Be4 Rd8 19. Nxf6+ Qxf6 20. Qc2 Rb8 21.
Rad1 Rd4 22. Rxd4 Qxd4 23. Rd1 Qf6 24. Qc3 Qe7 25. Qe5 1-0

[Event "9. Lichtenberger Sommer 2010"]
[Site "Berlin"]
[Date "2010.08.11"]
[Round "5.61"]
[White "Hempel-Morgenstern, Markus"]
[Black "Vollbrecht, Lars"]
[Result "1/2-1/2"]
[WhiteElo "1564"]
[BlackElo "1881"]
[PlyCount "120"]
[EventDate "2010.??.??"]
[WhiteTeam "SG Weißensee 49 e.V."]
[BlackTeam "SF Siemensstadt"]

1. e4 e5 2. Nf3 d6 3. d4 exd4 4. Nxd4 Nf6 5. Nc3 Be7 6. Be2 O-O 7. O-O Bd7 8.
Re1 Nc6 9. Bf1 Nxd4 10. Qxd4 a6 11. Nd5 Nxd5 12. Qxd5 Bc6 13. Qh5 Bf6 14. Rb1
Re8 15. Bd3 Qd7 16. Bf4 g6 17. Qh6 Bg7 18. Qh4 Qe7 19. Qxe7 Rxe7 20. Kf1 Rae8
21. f3 Kh8 22. c3 h6 23. Bc4 b5 24. Bb3 a5 25. a3 Kh7 26. Rbd1 Bf6 27. Bd5 Bd7
28. h3 g5 29. Bh2 b4 30. axb4 axb4 31. cxb4 Bxb2 32. Rb1 Bd4 33. Bc4 Rb8 34.
Bg1 Bxg1 35. Kxg1 Kg7 36. Red1 Be6 37. Bxe6 fxe6 38. Kf2 Kf6 39. b5 Rb7 40. b6
Rxb6 41. Rxb6 cxb6 42. Rxd6 Rb7 43. Ke3 b5 44. Kd4 b4 45. Rc6 b3 46. Rc1 Ra7
47. Kc3 Ra2 48. Rg1 b2 49. Rb1 Ra3+ 50. Kxb2 Re3 51. Rc1 Ke5 52. Rc3 Kf4 53.
Rxe3 Kxe3 54. Kc3 Kf2 55. Kd4 Kxg2 56. Ke5 Kxh3 57. Kxe6 h5 58. Kf6 g4 59. fxg4
hxg4 60. e5 g3 1/2-1/2

[Event "9. Lichtenberger Sommer 2010"]
[Site "Berlin"]
[Date "2010.08.11"]
[Round "5.62"]
[White "Pöltelt, Helmut"]
[Black "Brauer, Thilo"]
[Result "1/2-1/2"]
[WhiteElo "1697"]
[BlackElo "1830"]
[PlyCount "101"]
[EventDate "2010.??.??"]
[WhiteTeam "SC Eintracht Berlin e.V."]
[BlackTeam "SC Friesen Lichtenberg e.V."]

1. e4 d6 2. d4 Nf6 3. Nc3 e5 4. dxe5 dxe5 5. Qxd8+ Kxd8 6. Nf3 Bd6 7. h3 Ke7 8.
Bd2 Nc6 9. O-O-O h6 10. a3 Be6 11. Be3 a6 12. Nd2 b5 13. b4 Na7 14. f3 Nc8 15.
Nb3 Bxb3 16. cxb3 Rb8 17. Bd3 Nb6 18. g4 Nfd7 19. Kb2 c6 20. Ne2 Rbc8 21. Ng3
g6 22. h4 Ke6 23. Rc1 c5 24. bxc5 Bxc5 25. Bxc5 Nxc5 26. Be2 Rc7 27. Rc3 Rd8
28. Rd1 Rxd1 29. Bxd1 Kd7 30. h5 Ne6 31. Rxc7+ Kxc7 32. hxg6 fxg6 33. Nf1 Nd4
34. Ne3 Kd6 35. Kc3 a5 36. Nc2 Nxc2 37. Bxc2 Nd7 38. b4 a4 39. Bd3 Kc6 40. Kd2
Nf8 41. Ke3 Ne6 42. Kf2 Nd4 43. Ke3 g5 44. Kf2 Kd6 45. Kg2 Ke6 46. Kg3 Kf6 47.
Kh3 Ke6 48. Kg3 Kd6 49. Kf2 Kc6 50. Ke3 Kb6 51. Kf2 1/2-1/2

[Event "9. Lichtenberger Sommer 2010"]
[Site "Berlin"]
[Date "2010.08.11"]
[Round "5.63"]
[White "Meinicke, Kurt"]
[Black "Kuhn, Christian"]
[Result "0-1"]
[WhiteElo "1120"]
[BlackElo "2009"]
[PlyCount "76"]
[EventDate "2010.??.??"]
[WhiteTeam "vereinslos"]
[BlackTeam "TSV Amorbach 1863 e.V."]

1. d4 Nf6 2. c4 g6 3. Nc3 Bg7 4. Nf3 O-O 5. e4 d6 6. Be2 e5 7. O-O Na6 8. a3
exd4 9. Nxd4 Nc5 10. f3 Ne6 11. Nxe6 Bxe6 12. b4 Nxe4 13. Nxe4 Bxa1 14. Bh6 Bg7
15. Bxg7 Kxg7 16. Qd4+ f6 17. Ng5 Bd7 18. Bd3 Qe7 19. Rf2 Qe1+ 20. Rf1 Qe5 21.
Qxe5 fxe5 22. Be4 h6 23. Nh3 Bxh3 24. gxh3 c6 25. Rd1 Rad8 26. Rd2 Rf6 27. a4
d5 28. cxd5 cxd5 29. h4 Rfd6 30. Bd3 e4 31. Be2 e3 32. Rd4 Rc8 33. Rd1 Rc2 34.
Kf1 Rd2 35. Rc1 Rc6 36. Rc5 Rxc5 37. bxc5 d4 38. Ke1 d3 0-1

[Event "9. Lichtenberger Sommer 2010"]
[Site "Berlin"]
[Date "2010.08.11"]
[Round "5.64"]
[White "Bergmann, Jens"]
[Black "Möller, Dirk"]
[Result "1-0"]
[WhiteElo "1949"]
[BlackElo "1621"]
[PlyCount "91"]
[EventDate "2010.??.??"]
[WhiteTeam "SK Tempelhof 1931 e.V."]
[BlackTeam "SC Kreuzberg e.V."]

1. e4 e5 2. c3 Nf6 3. d3 d5 4. Bg5 dxe4 5. Bxf6 Qxf6 6. dxe4 Bc5 7. Qe2 b6 8.
Nf3 Ba6 9. c4 Nc6 10. a3 Nd4 11. Nxd4 Bxd4 12. Qc2 Bb7 13. Bd3 c5 14. Nc3 Qg6
15. O-O O-O 16. Nd5 Qd6 17. Kh1 Bxd5 18. cxd5 a6 19. Rab1 b5 20. b3 Kh8 21. Qe2
Rac8 22. a4 bxa4 23. bxa4 a5 24. Qc2 Rb8 25. Rb5 Qd8 26. Rfb1 Rxb5 27. Rxb5 f5
28. exf5 Qxd5 29. Rxa5 Bxf2 30. Be2 e4 31. Bg4 Qd4 32. Rb5 Qd3 33. Qxf2 e3 34.
Qe2 c4 35. h4 Qd2 36. Re5 c3 37. Qxe3 Qxe3 38. Rxe3 h5 39. Bxh5 Rxf5 40. Bg6
Rf1+ 41. Kh2 Kg8 42. Re8+ Rf8 43. Bh7+ Kf7 44. Rxf8+ Kxf8 45. a5 Kf7 46. h5 1-0

[Event "9. Lichtenberger Sommer 2010"]
[Site "Berlin"]
[Date "2010.08.11"]
[Round "5.65"]
[White "Laurin, Dirk"]
[Black "Kühnemund, Lutz"]
[Result "0-1"]
[WhiteElo "1339"]
[BlackElo "2131"]
[PlyCount "76"]
[EventDate "2010.??.??"]
[WhiteTeam "SG Narva Berlin e.V."]
[BlackTeam "SC Friesen Lichtenberg e.V."]

1. e4 e6 2. d4 d5 3. e5 c5 4. c3 Qb6 5. Nf3 Nc6 6. Be2 cxd4 7. cxd4 Nge7 8. O-O
Nf5 9. b3 Nfxd4 10. Nxd4 Qxd4 11. Qxd4 Nxd4 12. Bd3 Bd7 13. Be3 Nc6 14. a3 Nxe5
15. Be2 Be7 16. Nd2 O-O 17. f4 Nc6 18. Nf3 Bf6 19. Rfd1 Bxa1 20. Rxa1 a6 21.
Rc1 Rac8 22. b4 f6 23. b5 axb5 24. Bxb5 Nb8 25. Rb1 Bxb5 26. Rxb5 Rc3 27. Bc5
Rc8 28. Bb4 Rb3 29. Nd4 Rb2 30. h3 Nc6 31. Nxe6 Nxb4 32. axb4 Rb8 33. Rxd5 Rxb4
34. Rd7 g6 35. Rg7+ Kh8 36. Rf7 Re4 37. Rxf6 b5 38. Rf7 Rxe6 0-1

[Event "9. Lichtenberger Sommer 2010"]
[Site "Berlin"]
[Date "2010.08.11"]
[Round "5.66"]
[White "Sabrowski, Uwe"]
[Black "Ross, Chris N"]
[Result "1-0"]
[WhiteElo "2080"]
[BlackElo "2207"]
[PlyCount "63"]
[EventDate "2010.??.??"]
[WhiteTeam "SC Friesen Lichtenberg e.V."]
[BlackTeam "New England"]

1. d4 Nf6 2. c4 e6 3. Nc3 Bb4 4. e3 c5 5. Bd3 d5 6. Nf3 Nc6 7. O-O O-O 8. a3
cxd4 9. exd4 dxc4 10. Bxc4 Be7 11. Qd3 a6 12. Rd1 b5 13. Ba2 b4 14. Ne4 Bb7 15.
Bg5 Nxe4 16. Qxe4 Bxg5 17. d5 Na7 18. Qg4 Bf6 19. dxe6 Qb6 20. exf7+ Kh8 21.
axb4 Nb5 22. Rd3 Rad8 23. Rad1 Rxd3 24. Rxd3 Qc6 25. h3 Qc1+ 26. Kh2 Qxb2 27.
Bb3 Qxf2 28. Qe6 Bg5 29. Qg4 Bd8 30. Rxd8 Rxd8 31. Qd7 Qb6 32. Qe8+ 1-0

[Event "9. Lichtenberger Sommer 2010"]
[Site "Berlin"]
[Date "2010.08.11"]
[Round "5.67"]
[White "Kirchhof, Arno"]
[Black "Würsig, Mathias"]
[Result "1/2-1/2"]
[WhiteElo "2048"]
[BlackElo "1868"]
[PlyCount "58"]
[EventDate "2010.??.??"]
[WhiteTeam "SC Zugzwang 95 e.V."]
[BlackTeam "SV Blau-Gelb 1899 Hosena e.V."]

1. d4 Nf6 2. c4 g6 3. Nc3 Bg7 4. e4 d6 5. Nf3 O-O 6. Be2 b6 7. O-O Bb7 8. Qc2
Nbd7 9. d5 c5 10. Bg5 a6 11. Rad1 Qc7 12. h3 Rfe8 13. Bf4 Rad8 14. Rfe1 h6 15.
Bf1 Nh7 16. Qc1 h5 17. Qe3 e6 18. Qd2 e5 19. Bh6 Ndf6 20. Nh2 Bc8 21. Be3 Kh8
22. Be2 Qe7 23. g4 Bd7 24. f3 Ng8 25. Bd3 h4 26. g5 f6 27. gxf6 Bxf6 28. Qg2
Bg5 29. Ng4 Rf8 1/2-1/2

[Event "9. Lichtenberger Sommer 2010"]
[Site "Berlin"]
[Date "2010.08.11"]
[Round "5.68"]
[White "Bandsom, Olaf"]
[Black "Bandlow, Matthias"]
[Result "0-1"]
[WhiteElo "1779"]
[BlackElo "2004"]
[PlyCount "58"]
[EventDate "2010.??.??"]
[WhiteTeam "SC Friesen Lichtenberg e.V."]
[BlackTeam "SC Borussia Friedrichsfelde 1920"]

1. e4 c5 2. Nf3 d6 3. d4 cxd4 4. Nxd4 Nf6 5. Nc3 Nc6 6. Bg5 e6 7. Be2 Be7 8.
Be3 O-O 9. O-O a6 10. a3 Qc7 11. f4 Nxd4 12. Bxd4 b5 13. Bd3 Bb7 14. Qe2 Rfd8
15. Qe3 Qc6 16. Qh3 e5 17. Be3 h6 18. f5 d5 19. exd5 Nxd5 20. Be4 Qc7 21. Nxd5
Bxd5 22. Bxh6 gxh6 23. Qg4+ Kf8 24. f6 Qb6+ 25. Kh1 Bxf6 26. Bh7 Ke7 27. Rae1
Rh8 28. Qf5 Qe6 29. Qd3 Bc4 0-1

[Event "9. Lichtenberger Sommer 2010"]
[Site "Berlin"]
[Date "2010.08.11"]
[Round "5.69"]
[White "Getzuhn, Detlef"]
[Black "Schönemann, Manfred"]
[Result "1/2-1/2"]
[WhiteElo "1934"]
[BlackElo "1811"]
[PlyCount "46"]
[EventDate "2010.??.??"]
[WhiteTeam "SV Senat"]
[BlackTeam "SV Turbine Berlin e.V."]

1. d4 Nf6 2. Nf3 e6 3. c4 c5 4. e3 d5 5. cxd5 Nxd5 6. Nc3 cxd4 7. Nxd4 Bb4 8.
Bd2 Nxc3 9. bxc3 Be7 10. Qc2 Bf6 11. Rb1 b6 12. Bd3 Bb7 13. O-O g6 14. Rfd1 O-O
15. Be4 Bxe4 16. Qxe4 Na6 17. Nb3 Qc7 18. Qa4 Nc5 19. Nxc5 Qxc5 20. c4 Rfd8 21.
Be1 a5 22. Qb3 Rxd1 23. Rxd1 Rd8 1/2-1/2